000 00419nam a22001457a 4500
005 20240319150035.0
008 240319b ||||| |||| 00| 0 eng d
040 _cAL
041 _aeng
082 _223
_a658.8
_bMARK
245 _aMarket Communication Mix with Special Reference to Solar Automobiles
260 _aMangalore
_bSt Aloysius College
_c1998
700 _aMONTEIRO (Madhu Anil)
_9155429
942 _2ddc
_cPRO
999 _c230522
_d230522